| 000 | 00420nam a22001337a 4500 | ||
|---|---|---|---|
| 020 | _a969-415-026-4 | ||
| 082 | _a320.95491 MIR'P | ||
| 100 |
_aMIRZA, SAFARAZ HUSSAIN _966944 |
||
| 245 | _aTHE PUNJAB MUSLIM STUDENTS FEDERATION (1937-1947) | ||
| 260 |
_aISLAMABAD _bNATIONAL ISTITUTE _c1991 |
||
| 300 | _a491P | ||
| 650 |
_aA STUDY OF THE FORMATION GROWTH AND PARTICIPATION IN THE PAKISTAN MOVEMENT _966945 |
||
| 942 | _cBK | ||
| 999 |
_c574803 _d574803 |
||